000 00480nam a2200181Ia 4500
005 20250317131040.0
008 008 250317s9999 xx 000 0 eng d
037 _aTextbook
040 _aFMSL
_beng
_cFMSL
041 _aeng
_2eng
084 _qFMSL
100 _aGoldschmidt Y
245 0 _aProfit measurement during iflation
260 _aJohan
_bJohan, Willey & Sons
_c1977
300 _a345p
942 _cTB
999 _c1266450
_d1266450